000 00448nam a2200193Ia 4500
005 20230801102552.0
008 131103s9999 xx 000 0 und d
020 _a99918900
040 _aLoreto College
041 _aEnglish
082 _aF
_bDEI
100 _aDeighton,Len
245 _aCity of Gold
_cLen Deighton
260 _aLondon
_bArrow
_c1992
300 _a323 p.
650 _aFiction in English
850 _aLCLIB
942 _cBK
999 _c15599
_d66078